Quizzes
Events
Quiz Creation
Community
Videos
Private Events
Remove Ads
Sign In
Join for FREE
Feedback
Dark Mode
Quiz Categories
Sports
Geography
Music
Movies
Television
Just For Fun
Miscellaneous
History
Literature
Language
Science
Gaming
Entertainment
Religion
Holiday
For Kids
Quiz Lab
Recent
Popular Today
Quiz Kudos Today
Editor Picks
Curator Picks
Quizzes by...
Day
Popularity
Type
Ratings
Length
Year
Community
Subscriptions
Recent Discussions
Orange Saloon
Badges
Playlists
Quests
Create
Leaderboards
Showdown
Live 5
Trivia Bingo
Activity
Puzzle Library
Sporcle Events
Private Events
Virtual Trivia
Globe League
Become a Host
Pub Owners
SporcleCon
Opinionation
Our Games
Videos
Blog
Mobile Apps
Partnerships
Remove Ads and Go Orange
Feedback
Gaming
Video Games
Board Games
Card Games
Pokémon
Mario
Nintendo
Minecraft
Console
Toys
Legend of Zelda
Gaming
Video Games
Board Games
Card Games
Pokémon
Mario
Nintendo
Minecraft
Console
Toys
Legend of Zelda
Random Quiz
Search Sporcle
×
Quiz Lab
Quiz Lab
Gaming
War
Type in answers that appear in a list
Type in answers that appear in a list
Classic
Best Score? Go Orange.
MegaMan Battle Network Program Advance Complete Stats
Can you name the MegaMan Battle Network Program Advance Complete?
By
turpinator
20m
190 Questions
102 Plays
102 Plays
102 Plays
Comments
Comments
Give Quiz Kudos
Give Quiz Kudos
-
- Ratings
hide this ad
Replay
Link that replays current quiz
Next Quiz
Link to next quiz in quiz playlist
You Got
0%
They Got
Avg Score
28%
Avg Friend Score
Upgrade to see
Score Distribution
Jump to the score distribution portion of the page
Score
0/190
Timer
20:00
0
Plays Today
Game Appearance
PA Name
% Correct
MMBN3
DreamSrd
91.2%
MMBN4
DreamSrd
91.2%
MMBN5
DreamSrd
91.2%
MMBN6
DreamSrd
91.2%
MMBN2
H-Burst
58.8%
MMBN3
H-Burst
58.8%
MMBN4
H-Burst
58.8%
MMBN5
Hyper Burst
58.8%
MMBN6
Hyper Burst
58.8%
MMBN2
BodyGrd
56.9%
MMBN3
BodyGrd
56.9%
MMBN4
Body Guard
56.9%
MMBN5
Body Guard
56.9%
MMBN6
Body Guard
56.9%
MMBN1
2xHero
53.9%
MMBN2
Double Hero
53.9%
MMBN3
2xHero
53.9%
MMBN1
Z-Canon1
52%
MMBN2
Z-Canon1
52%
MMBN3
Z-Canon1
52%
MMBN1
Z-Canon2
51%
MMBN1
Z-Canon3
51%
MMBN2
Z-Canon3
51%
MMBN2
Z-Canon2
51%
MMBN3
Z-Canon2
51%
MMBN3
Z-Canon3
51%
MMBN3
MstrStyl
46.1%
MMBN6
Double Hero
46.1%
MMBN4
Pile Driver
44.1%
MMBN5
Pile Driver
44.1%
MMBN3
HeatSprd
43.1%
MMBN4
Heat Spread
43.1%
MMBN1
Z-Raton1
41.2%
MMBN1
Z-Raton2
41.2%
MMBN1
Z-Raton3
41.2%
MMBN2
Z-Raton1
41.2%
MMBN2
Z-Raton3
41.2%
MMBN2
Z-Raton2
41.2%
MMBN4
Giga-Cannon1
41.2%
MMBN4
Giga-Cannon2
41.2%
MMBN5
Giga-Cannon1
41.2%
MMBN5
Giga-Cannon2
41.2%
MMBN6
Giga-Cannon1
41.2%
MMBN6
Giga-Cannon2
41.2%
MMBN1
Z-Spread
40.2%
MMBN2
Darkness
40.2%
MMBN4
Giga-Cannon3
40.2%
MMBN5
Giga-Cannon3
40.2%
MMBN6
Giga-Cannon3
40.2%
MMBN2
LifeSrd2
39.2%
MMBN2
LifeSrd3
39.2%
MMBN1
O-Canon1
38.2%
MMBN2
O-Canon1
38.2%
MMBN1
O-Canon2
37.3%
MMBN1
O-Canon3
37.3%
MMBN1
GtsShoot
37.3%
MMBN2
O-Canon3
37.3%
MMBN2
O-Canon2
37.3%
MMBN2
GtsShoot
37.3%
MMBN3
BubSprd
37.3%
MMBN3
GtsShoot
37.3%
MMBN4
Bubble Spread
37.3%
MMBN2
PoisPhar
36.3%
MMBN2
BigHeart
36.3%
Game Appearance
PA Name
% Correct
MMBN3
PoisPhar
36.3%
MMBN3
BigHeart
36.3%
MMBN4
Poison Pharoah
36.3%
MMBN5
Poison Pharoah
36.3%
MMBN6
Poison Pharoah
36.3%
MMBN2
LifeSrd1
34.3%
MMBN2
Gater
34.3%
MMBN3
Z-Yoyo1
34.3%
MMBN3
Z-Yoyo2
34.3%
MMBN3
Z-Yoyo3
34.3%
MMBN1
O-Spread
33.3%
MMBN1
O-Raton1
33.3%
MMBN1
O-Raton2
33.3%
MMBN1
O-Raton3
33.3%
MMBN2
O-Raton1
33.3%
MMBN2
O-Raton2
33.3%
MMBN2
O-Raton3
33.3%
MMBN5
JigokuHockey
33.3%
MMBN6
JigokuHockey
33.3%
MMBN3
ElemSwrd
32.4%
MMBN4
Giga Count-Bomb
32.4%
MMBN5
GigaCountBomb
32.4%
MMBN6
Giga Count Bomb
32.4%
MMBN3
Z-Punch
30.4%
MMBN1
Z-Arrow1
29.4%
MMBN1
Z-Arrow2
29.4%
MMBN1
Z-Arrow3
29.4%
MMBN3
DeuxHero
29.4%
MMBN6
Master Cross
29.4%
MMBN2
TimeBom+
28.4%
MMBN3
Z-Straight
28.4%
MMBN3
Z-Impact
28.4%
MMBN1
O-Arrow1
26.5%
MMBN1
O-Arrow2
26.5%
MMBN1
O-Arrow3
26.5%
MMBN6
Twin Leaders
25.5%
MMBN1
B-Sword
24.5%
MMBN3
Z-Step1
24.5%
MMBN6
Sun and Moon
24.5%
MMBN5
YoYoGreat
23.5%
MMBN5
BigNoise
23.5%
MMBN6
YoYoGreat
23.5%
MMBN3
Z-Variable
22.5%
MMBN3
Z-Step2
22.5%
MMBN1
B-Bomb
21.6%
MMBN2
Z-Ball
20.6%
MMBN2
O-Ball
20.6%
MMBN3
500Barrier
20.6%
MMBN1
S-Sword
19.6%
MMBN1
B-Wave
19.6%
MMBN3
EvilCut
19.6%
MMBN1
S-Wave
18.6%
MMBN1
B-Quake
18.6%
MMBN1
HvyStamp
18.6%
MMBN2
HvyStamp
18.6%
MMBN3
H-Ratton
18.6%
MMBN6
FlameHook1
18.6%
MMBN6
FlameHook2
18.6%
MMBN6
FlameHook3
18.6%
MMBN1
S-Bomb
17.6%
MMBN2
Curse
17.6%
MMBN6
Cross Over
17.6%
MMBN1
S-Quake
16.7%
MMBN3
PrixPowr
16.7%
Game Appearance
PA Name
% Correct
MMBN3
G-CntBomb
15.7%
MMBN2
Arrows
14.7%
MMBN5
WildSwallow
14.7%
MMBN5
FootMegaBall
14.7%
MMBN6
StreamHead
14.7%
MMBN2
M-Burst
13.7%
MMBN2
Punch
13.7%
MMBN3
Mother Quake
12.7%
MMBN4
PitHoky2
12.7%
MMBN4
PitHoky3
12.7%
MMBN5
MadBoxer1
12.7%
MMBN5
MadBoxer2
12.7%
MMBN5
MadBoxer3
12.7%
MMBN1
Storm
11.8%
MMBN1
LifeSavr
11.8%
MMBN2
UltraBob
11.8%
MMBN4
PitHoky1
11.8%
MMBN6
PowerWave1
11.8%
MMBN6
PowerWave2
11.8%
MMBN6
PowerWave3
11.8%
MMBN1
PwrCanon
10.8%
MMBN1
BloodSuk
10.8%
MMBN6
SuperWide
10.8%
MMBN6
Destroy Pulse
10.8%
MMBN6
Dark Messiah
10.8%
MMBN1
BgStrait
9.8%
MMBN6
WideBurner1
9.8%
MMBN6
WideBurner2
9.8%
MMBN6
WideBurner3
9.8%
MMBN6
Corn Party
9.8%
MMBN6
Parallel Shell
9.8%
MMBN4
Super Wide 2
8.8%
MMBN4
Super Wide 3
8.8%
MMBN5
Super Wide 1
8.8%
MMBN5
Super Wide 2
8.8%
MMBN5
Super Wide 3
8.8%
MMBN4
Flame Cross 1
7.8%
MMBN4
Super Wide 1
6.9%
MMBN4
Flame Cross 2
6.9%
MMBN4
Flame Cross 3
6.9%
MMBN4
Hell Boomerang 1
4.9%
MMBN4
Hell Boomerang 2
4.9%
MMBN4
Hell Boomerang 3
4.9%
MMBN4
MagShock 1
4.9%
MMBN4
MagShock 2
4.9%
MMBN4
MagShock 3
4.9%
MMBN5
MugenVulcan1
4.9%
MMBN5
MugenVulcan2
4.9%
MMBN5
MugenVulcan3
4.9%
MMBN5
SabotanDance1
4.9%
MMBN5
SabotanDance2
4.9%
MMBN5
SabotanDance3
4.9%
MMBN5
CosmoPrison
4.9%
MMBN4
Dark Messiah NEO
3.9%
MMBN3
RainGel
2.9%
MMBN3
Endless Curse
2.9%
MMBN4
Mad Fang 1
2.9%
MMBN4
Mad Fang 2
2.9%
MMBN4
Mad Fang 3
2.9%
MMBN5
YuraParade1
2.9%
MMBN5
YuraParade2
2.9%
MMBN5
YuraParade3
2.9%
Quiz Playlist
Details
Report
Send in Message
Add To Playlist
Classic:
Type in answers that appear in a list
Last Updated: Feb 16, 2017
Quiz Scoreboard
CHALLENGE
Sign Up to Join the Scoreboard
Show All
Scores
Hide
Comments
May contain spoilers
Recently Published
An Introduction to Baseball
by treessimontrees
Sports
5m
Movies - When Are They Set?
by FPL_Elf
Movies
5m
Popular People in 1961
by mucciniale
History
6m
More to Explore
Quiz From the Vault
Featured Blog Post
Where Did the Easter Bunny Come From?
hide this ad
You Might Also Like...
Tags
Network Quiz
War Quiz
Advance
appearance
battle
complete
Example
Megaman
program
Today's Top Quizzes in Gaming
Browse Gaming
hide this ad
Today's Top Quizzes in War
Browse War
Top Contributed Quizzes in Gaming
1
5-to-1: Consoles
2
Destiny 2 exotic weapons by perk icons
3
7-to-1: Board Game Piece Blitz
4
5-to-1: Legend of Zelda
5
Ultimate Genshin Impact Logic Puzzle (up to 4.3)
6
Franchise by Action Figure
7
Overwatch Logic Puzzle
8
Who's on the WWE 2K24 Cover?
9
Genshin Impact Logic Puzzle Quiz
10
Windmill: Pokémon
Explore More
Trending Topics
NBA
Disney
Marvel
Crossword
Kpop
Harry Potter
Anime
Puzzle
Pokémon
Country
Song
WWE
Soccer
NFL
The Office
hide this ad
More By:
turpinator
Quiz
Plays
Rating
Category
Featured
Created
Zelda: Skyward Sword Complete Item List Quiz
535
5.00
Gaming
Dec 21, 2011
Mega Man Playable Character Quiz
272
5.00
Gaming
Jul 20, 2013
MegaMan Battle Network Program Advance Complete
102
Gaming
Dec 21, 2011
Go to Creator's Profile
Score Distribution
Quiz Creator Spotlight
turpinator
Follow
Send a Message
Quizzes Created
-
Created Quiz Play Count
-
More By This Creator
Popular Quizzes Today
1
Find the Countries of Europe - No Outlines Minefield
2
Find the US States - No Outlines Minefield
3
The Countries of the World
4
Popular People in 1961
5
Find the US States
6
US States
7
1-10 Letter E Words III
8
Risky Map Clicking: Biggest States A-Z
More Gaming Quizzes
Xenoblade Chronicles 2: Who Said That?
Quiz Lab
Trending Quizzes
Risky Map Clicking: Least Populous States A-Z
1-10 Letter F Words
1-10 Letter G Words
One Thing in Common: United Kingdom
Risky Map Clicking: Next State Alphabetically
Recently Updated
Leaping Animals
pecheneg
Reality TV Shows (A-Z)
bhenderson79
Rickey Henderson's Hall of Fame Teammates
pecheneg
Champions League XIs: Arsenal
pecheneg
Quick Pick: Celebrities in WWE's Hall of Fame
aduchscher
A-Z Keypad Blitz II
pecheneg
Multiple Oscar Actors
pecheneg
Mystery Phrase Blitz: Oscar 'Best Actors'
pecheneg
F. Scott Fitzgerald Novels
LTH
Pick 3 Villains
ddd62291
Trending Topics
Anime
Harry Potter
Crossword
Disney
Kpop
NBA
Marvel
Puzzle
Soccer
Pokémon
Song
The Office
Country
NFL
WWE
Your Account Isn't Verified!
In order to create a playlist on Sporcle, you need to verify the email address you used during registration. Go to your
Sporcle Settings
to finish the process.
Report this User
Report this user for behavior that violates our
Community Guidelines
.
Details:
Send Report
Go to the Sporcle.com Mobile Site →
Comments